00632nam a2200169 a 450000100100000000500170001000800410002704000250006824500890009325000110018226000490019330000290024250000420027150400310031395201010034499900170044500003891920201002031423.0130506s2005 dr a 000 0 spa d aDO-SdBNPbspacBNPHU00aAnálisis y cartografía de riesgos y vulnerabilidad en la República Dominicana. a2a ed. aSanto Domingo :bAkeru Publicaciones,c2005. a103 p. :bils. ;c29 cm. aIncluye notas al pie de las páginas aBibliografía : p. 99-100 00105071aPDbPDcCTd2013-05-21iLF1l0o p38919-10r2020-06-25w2020-06-25y1ZNo se presta c38409d38409